| 000 | 00817nam a22002537a 4500 | ||
|---|---|---|---|
| 999 |
_c6600 _d6600 |
||
| 001 | 18181 | ||
| 003 | BD-DhUAP | ||
| 005 | 20210104142214.0 | ||
| 008 | 200204s2012 bg a 000 0 eng d | ||
| 020 | _a9843000009755 | ||
| 040 |
_aBD-DhAAL _cBD-DhAAL _bEng _dBD-DhUAP |
||
| 082 | 0 | 0 |
_223 _a336.24095492 SHI |
| 100 | 1 | _aShil, Nikhil Chandra. | |
| 245 | 1 | 0 |
_aBangladesh income tax : _btheory and practice / _cNikhil Chandra Shil, Mohammad Zakaria Masud and Mohammad Faridul Alam. |
| 250 | _a6th ed. | ||
| 260 |
_aDhaka : _bShams Publications, _cc2012. |
||
| 300 |
_a770 pages : _billustrations ; _c24 cm. |
||
| 650 | 0 |
_aIncome tax _zBangladesh. |
|
| 700 | 1 | _aMasud, Mohammad Zakaria. | |
| 700 | 1 | _aAlam, Mohammad Faridul. | |
| 942 |
_2ddc _cBK |
||